Tous les pokémon de Pierrick - Statistiques

Statistiques générales
  • Ce quiz a été pris 26 fois
  • Le résultat moyen est 12 sur 17
Statistiques - réponses
Hint Réponse % Correct
Grolem
100%
Onix
100%
Diamant & Perle Racaillou
100%
Charkos
94%
Kranidos
94%
Platine Ptéra
88%
Diamant étincelant & Perle scintillante Armaldo
82%
Tyranocif
82%
Aéroptéryx
71%
Relicanth
71%
Tarinorme
71%
Crabaraque
53%
Séléroc
53%
Noir2 & Blanc2 Simularbre
53%
Chartor
24%
Flagadoss
24%
Drattak
18%
Aucun quiz correspondant
Distribution des résultats
% des personnes avec chaque résultat
Percentile par nombre de réponses
Votre historique - résultats
Vous n’avez pas pris ce quiz